I'm Not That Girl - Wicked Lyrics - Statistics

General Stats
  • This quiz has been taken 140 times
  • The average score is 110 of 137
Answer Stats
Answer % Correct
girl
99%
I
99%
I'm
99%
not
99%
that
99%
he
97%
be
96%
a
95%
to
95%
but
93%
the
93%
boy
92%
so
92%
and
91%
could
91%
know
88%
who
88%
of
87%
eyes
84%
Hands
84%
her
84%
loves
84%
we
84%
meet
83%
touch
83%
that's
82%
you
82%
in
80%
she
80%
what
80%
when
80%
curl
79%
with
79%
don't
78%
heart
78%
silence
78%
sudden
78%
every
76%
for
76%
gentle
76%
hair
76%
heaven
76%
knows
76%
are
75%
chose
75%
gold
75%
have
75%
too
75%
might
74%
been
72%
often
72%
rush
72%
there's
72%
doesn't
70%
dream
70%
far
70%
heat
70%
him
70%
back
68%
joy
68%
long
68%
lose
68%
sight
68%
feel
67%
born
66%
only
66%
pearl
66%
reality
66%
rose
64%
wins
64%
wish
64%
smile
63%
who's
63%
land
62%
remember
62%
sets
62%
wasn't
62%
wishing
61%
wounds
61%
ache
59%
giddy
59%
steal
58%
hearts
57%
start
57%
whirl
57%
winsome
55%
limb
53%
soften
53%
leap
50%
lithe
49%
blithe
47%
mm
20%
No matching quizzes found
Score Distribution
Percent of People with Each Score
Percentile by Number Answered
Your Score History
You have not taken this quiz